000 00418nam a2200205Ia 4500
001 000591
003 YMCAF
005 20230512160026.0
008 100717s1971 ||||||||||||||||| ||und|d
024 _a591
035 _a576
040 _aYMCAF
_beng
_cIN-KoLT
041 _aeng
082 _aSTE-WEB
100 _aWEBB B.J.
245 0 _aSTEREO FOR BEGINNERS
260 _c1971
300 _a128
942 _2ddc
_cBK
999 _c469
_d469